000 00338 a2200121 4500
001 92363
082 _aPR 2576
090 _c44332
_d44333
100 _aSaad Sarfraz, Prof M. Umer and Imran Ali (Advisors)
245 _aFlow Shop Scheduling Using ANT Colony Optimization
_n79'A' EC
260 _aIslamabad
_bNUST
_c2015
300 _aix,42p.
942 _aCAE NUST
_kPR 2576
999 _c327436
_d327436